<?xml version="1.0" encoding="UTF-8"?><?xml-stylesheet type="text/xsl" href="static/style.xsl"?><OAI-PMH xmlns="http://www.openarchives.org/OAI/2.0/" xmlns:xsi="http://www.w3.org/2001/XMLSchema-instance" xsi:schemaLocation="http://www.openarchives.org/OAI/2.0/ http://www.openarchives.org/OAI/2.0/OAI-PMH.xsd"><responseDate>2026-04-17T04:21:49Z</responseDate><request verb="GetRecord" identifier="oai:www.recercat.cat:2072/476053" metadataPrefix="marc">https://recercat.cat/oai/request</request><GetRecord><record><header><identifier>oai:recercat.cat:2072/476053</identifier><datestamp>2025-07-29T22:59:07Z</datestamp><setSpec>com_2072_98</setSpec><setSpec>col_2072_378192</setSpec></header><metadata><record xmlns="http://www.loc.gov/MARC21/slim" xmlns:dcterms="http://purl.org/dc/terms/" xmlns:xsi="http://www.w3.org/2001/XMLSchema-instance" xmlns:doc="http://www.lyncode.com/xoai" xsi:schemaLocation="http://www.loc.gov/MARC21/slim http://www.loc.gov/standards/marcxml/schema/MARC21slim.xsd">
   <leader>00925njm 22002777a 4500</leader>
   <datafield ind2=" " ind1=" " tag="042">
      <subfield code="a">dc</subfield>
   </datafield>
   <datafield ind2=" " ind1=" " tag="720">
      <subfield code="a">Rodríguez Madrid, María Nieves</subfield>
      <subfield code="e">author</subfield>
   </datafield>
   <datafield ind2=" " ind1=" " tag="720">
      <subfield code="a">Del Río-Lozano, María</subfield>
      <subfield code="e">author</subfield>
   </datafield>
   <datafield ind2=" " ind1=" " tag="720">
      <subfield code="a">García-Calvente, María del Mar</subfield>
      <subfield code="e">author</subfield>
   </datafield>
   <datafield ind2=" " ind1=" " tag="260">
      <subfield code="c">2024</subfield>
   </datafield>
   <datafield ind2=" " ind1=" " tag="520">
      <subfield code="a">Altres ajuts: Consejería de Salud de la Junta de Andalucía (PS-0280- 2016)</subfield>
   </datafield>
   <datafield ind2=" " ind1=" " tag="520">
      <subfield code="a">Este estudio pretende analizar la evolución en la estructura de la red personal de apoyo de mujeres y hombres cuidadores informales, profundizar en su percepción del apoyo y conocer las estrategias de movilización de los recursos de la red en situaciones de emergencia, desde una perspectiva de género. Es un estudio de evolución comparativo de dos momentos, inicial y transcurridos 12 meses. La muestra intencional consta de 32 personas cuidadoras (16 hombres/16 mujeres), basado en Análisis de Redes Personales, combinando datos cuantitativos y cualitativos. Se observa una reducción de la cohesión estructural de las redes en ambos sexos, aunque con un aumento de la densidad en las redes de las mujeres y un descenso en la de los hombres. A mayor tiempo cuidando, los hombres ganan cohesión y las mujeres la pierden. Se percibe una pérdida de apoyo social (perdida de proximidad afectiva y sentimientos de apoyo) en ambos sexos, pero diferencias en el modo de percibirlo. Una buena gestión de los recursos de la red ante situaciones de emergencia es considerado fundamental para sentirse apoyado, constituyendo un referente para que las relaciones de apoyo se vayan adaptando a las necesidades de cuidado.</subfield>
   </datafield>
   <datafield ind2=" " ind1=" " tag="520">
      <subfield code="a">This study aims to analyze the evolution in the structure of the personal support network of women and men informal caregivers, deepen their perception of support and understand the strategies for mobilizing network resources in emergency situations, from a gender perspective. It is a comparative evolution study of two moments, initial and after 12 months. Thirty-two caregivers (16 men/16 women) were selected by means of purposive sampling, based on Personal Network Analysis, combining quantitative and qualitative data. There is a reduction in the structural cohesion of networks in both sexes, although with an increase in density in women's networks and a decrease in men's networks. The longer they spend caring, the more men increase cohesion and the women decrease it. A loss of social support (loss of emotional proximity and feelings of support) is perceived in both sexes, but there are differences in the way of perceiving it. Well managed network resources in emergencies is considered critical to feeling supported, providing a reference for support relationships to be adapted to care needs</subfield>
   </datafield>
   <datafield tag="653" ind2=" " ind1=" ">
      <subfield code="a">Cuidados informales</subfield>
   </datafield>
   <datafield tag="653" ind2=" " ind1=" ">
      <subfield code="a">Redes personales de apoyo</subfield>
   </datafield>
   <datafield tag="653" ind2=" " ind1=" ">
      <subfield code="a">Perspectiva de género</subfield>
   </datafield>
   <datafield tag="653" ind2=" " ind1=" ">
      <subfield code="a">Estudio de evolución</subfield>
   </datafield>
   <datafield tag="653" ind2=" " ind1=" ">
      <subfield code="a">Informal care</subfield>
   </datafield>
   <datafield tag="653" ind2=" " ind1=" ">
      <subfield code="a">Personal support network</subfield>
   </datafield>
   <datafield tag="653" ind2=" " ind1=" ">
      <subfield code="a">Gender perspective</subfield>
   </datafield>
   <datafield tag="653" ind2=" " ind1=" ">
      <subfield code="a">Evolution study</subfield>
   </datafield>
   <datafield tag="653" ind2=" " ind1=" ">
      <subfield code="a">Cuidado informal</subfield>
   </datafield>
   <datafield tag="653" ind2=" " ind1=" ">
      <subfield code="a">Redes de apoio pessoal</subfield>
   </datafield>
   <datafield tag="653" ind2=" " ind1=" ">
      <subfield code="a">Perspectiva de gênero</subfield>
   </datafield>
   <datafield ind2="0" ind1="0" tag="245">
      <subfield code="a">Cambios en la estructura y percepción de la funcionalidad de las redes personales de hombres y mujeres cuidadores en Andalucía : estudio CUIDAR-SE</subfield>
   </datafield>
</record></metadata></record></GetRecord></OAI-PMH>